[Event "HCL-C077"]
[Site "www.playchess.de"]
[Date "2001.02.25"]
[Round "4"]
[White "ictus"]
[Black "hun"]
[WhiteElo "1000"]
[BlackElo "1000"]
[PlyCount "38"]
[Result "0-1"]

1.e4 Nc6 2.d4 Nf6 3.e5 Nd5 4.c4 Ndb4 5.Nf3 e6 
6.Be2 d5 7.O-O dxc4 8.Bxc4 Be7 9.Nc3 O-O 10.Qb3 
Na5 11.Qa4 Nxc4 12.a3 Bd7 13.Qb3 Na5 14.Qd1 Nd5 
15.Ne2 Bb5 16.b4 Nc6 17.Qc2 a5 18.a4 Ndxb4 19.Qb3 
Bxe2 0-1

[Event "HCL-C077"]
[Site "www.playchess.de"]
[Date "2001.02.25"]
[Round "5"]
[White "hun"]
[Black "SpiderP"]
[WhiteElo "1000"]
[BlackElo "1000"]
[PlyCount "43"]
[Result "1-0"]

1.Nf3 Nc6 2.e4 e5 3.Bb5 Nf6 4.d3 Bc5 5.Nc3 d5 
6.Nxe5 dxe4 7.Nxc6 bxc6 8.Bxc6+ Bd7 9.Bxa8 Qxa8 
10.O-O Bc6 11.Re1 O-O 12.d4 e3 13.f3 Ng4 14.dxc5 
Qd8 15.Qxd8 Rxd8 16.fxg4 g6 17.Rxe3 Rd4 18.Re7 
Rxg4 19.g3 h5 20.Rxc7 Bf3 21.Bf4 g5 
22.h3 1-0

[Event "HCL-C077"]
[Site "www.playchess.de"]
[Date "2001.02.25"]
[Round "19"]
[White "hun"]
[Black "pablo"]
[WhiteElo "1000"]
[BlackElo "1104"]
[PlyCount "59"]
[Result "1-0"]

1.e4 c5 2.Nc3 d6 3.Nf3 Nf6 4.Bc4 e6 5.O-O Be7 6.e5 
dxe5 7.Nxe5 a6 8.d3 b5 9.Qf3 Ra7 10.Bb3 O-O 11.Be3 
Qc7 12.Bf4 Bd6 13.Rae1 Bb7 14.Qg3 Nh5 15.Qg4 Nxf4 
16.Qxf4 Nd7 17.d4 cxd4 18.Qxd4 Bxe5 19.Rxe5 Nxe5 
20.Qxa7 Ng4 21.g3 Qc6 22.f3 Rd8 23.Ne4 h6 24.Nc5 
Ba8 25.Nd3 Ne3 26.Ne5 Qb7 27.Qxe3 Qe7 28.Qb6 Bd5 
29.Bxd5 Rxd5 30.Nc6 1-0

[Event "HCL-C077"]
[Site "www.playchess.de"]
[Date "2001.02.25"]
[Round "30"]
[White "SpiderP"]
[Black "Diable"]
[WhiteElo "1000"]
[BlackElo "1000"]
[PlyCount "27"]
[Result "1-0"]

1.e4 d5 2.d4 c6 3.Nc3 dxe4 4.Nxe4 Nf6 5.Bd3 Bg4 
6.Nf3 g6 7.Qd2 Bxf3 8.gxf3 Nbd7 9.Qe3 Qb6 10.Nd6+ 
Kd8 11.Nxf7+ Kc8 12.Nxh8 Nd5 13.Qe4 N7f6 
14.Qe6+ 1-0

[Event "HCL-C077"]
[Site "www.playchess.de"]
[Date "2001.02.25"]
[Round "32"]
[White "hun"]
[Black "Diable"]
[WhiteElo "1000"]
[BlackElo "1000"]
[PlyCount "33"]
[Result "1-0"]

1.e4 d5 2.exd5 Qxd5 3.Nc3 Qa5 4.Nf3 c6 5.Bc4 e5 
6.Qe2 Nd7 7.d4 Bb4 8.Bd2 Ne7 9.dxe5 Nc5 10.a3 b5 
11.Ba2 Bxc3 12.Bxc3 Qc7 13.O-O O-O 14.b4 Nd5 
15.Bxd5 cxd5 16.bxc5 Qxc5 17.Bb4 1-0

[Event "HCL-C101"]
[Site "www.playchess.de"]
[Date "2001.02.25"]
[Round "5"]
[White "Christopher"]
[Black "tiomario"]
[WhiteElo "1131"]
[BlackElo "1000"]
[PlyCount "78"]
[Result "0-1"]

1.e4 e5 2.Nf3 Nc6 3.d4 exd4 4.Nxd4 Qh4 5.Nc3 Nxd4 
6.Qxd4 Qf6 7.e5 Qg6 8.Nb5 Qxc2 9.Bd3 Qc6 10.Qe4 
Qxe4+ 11.Bxe4 Bb4+ 12.Bd2 Bxd2+ 13.Kxd2 Kd8 14.f4 
a6 15.Nd4 f6 16.Nf5 fxe5 17.fxe5 g6 18.Ng3 Ne7 
19.h4 Nc6 20.h5 g5 21.Bxc6 bxc6 22.Rhf1 Re8 
23.Rae1 d6 24.Nf5 Rb8 25.b3 Rb5 26.Ng7 Rd5+ 27.Kc2 
Re7 28.e6 Rxg7 29.Rf8+ Ke7 30.Rxc8 Rc5+ 31.Kb2 Kf6 
32.Rd8 Re5 33.Rxe5 dxe5 34.Ra8 Kxe6 35.Rxa6 e4 
36.Rxc6+ Kd5 37.Rc2 e3 38.a4 Rf7 39.Re2 
Rf2 0-1

[Event "HCL-A021"]
[Site "www.playchess.de"]
[Date "2001.02.26"]
[Round "20"]
[White "MarkusSSG"]
[Black "aldo"]
[WhiteElo "2422"]
[BlackElo "1700"]
[PlyCount "93"]
[Result "1-0"]

1.d4 Nf6 2.Bf4 g6 3.e3 Bg7 4.Nd2 d6 5.h3 O-O 
6.Ngf3 c5 7.c3 Nbd7 8.Be2 Qc7 9.O-O e5 10.Bh2 Re8 
11.Nc4 Bf8 12.Rc1 e4 13.Ne1 b5 14.Na3 a6 15.dxc5 
Qxc5 16.b4 Qb6 17.c4 Ne5 18.Nec2 bxc4 19.Nxc4 Nxc4 
20.Bxc4 Bb7 21.Bb3 d5 22.Qd2 Rac8 23.Rfd1 Nh5 
24.a3 Qf6 25.Ba4 Red8 26.Nd4 Bd6 27.Bxd6 Qxd6 
28.Bb3 Nf6 29.Ne2 Rxc1 30.Rxc1 Qb6 31.Nd4 Qd6 
32.Qc2 Rd7 33.Qc5 Ne8 34.Qxd6 Nxd6 35.Rc5 Nf5 
36.Nxf5 gxf5 37.Ba4 Rd8 38.Bc6 Bxc6 39.Rxc6 a5 
40.b5 a4 41.b6 Rb8 42.Rd6 Kf8 43.Kh2 Ke7 44.Rxd5 
Rxb6 45.Ra5 f4 46.Rxa4 f5 47.exf4 1-0

[Event "HCL-A046"]
[Site "www.playchess.de"]
[Date "2001.02.26"]
[Round "17"]
[White "gambitfanatic"]
[Black "Patmatter"]
[WhiteElo "1422"]
[BlackElo "1900"]
[PlyCount "33"]
[Result "1-0"]

1.d4 Nf6 2.Nf3 g6 3.Bg5 Bg7 4.e3 O-O 5.Bd3 c6 6.c3 
d5 7.Nbd2 b6 8.O-O Ba6 9.Bxa6 Nxa6 10.Qe2 Nc7 
11.Ne5 c5 12.Ndf3 Ne4 13.Nc6 Qd6 14.Bxe7 Qxc6 
15.Bxf8 Rxf8 16.Rfd1 h6 17.Nd2 1-0

[Event "HCL-A046"]
[Site "www.playchess.de"]
[Date "2001.02.26"]
[Round "28"]
[White "Patmatter"]
[Black "Belka"]
[WhiteElo "1900"]
[BlackElo "1800"]
[PlyCount "34"]
[Result "0-1"]

1.e4 e6 2.d4 d5 3.Nc3 Bb4 4.e5 c5 5.a3 Bxc3+ 
6.bxc3 Ne7 7.Nf3 Qa5 8.Bd2 Nbc6 9.c4 Qc7 10.c3 
dxc4 11.Qa4 O-O 12.Qxc4 b6 13.Bd3 a5 14.Qa4 Ba6 
15.Bxa6 Rxa6 16.O-O cxd4 17.cxd4 
Rc8 0-1

[Event "HCL-B106"]
[Site "www.playchess.de"]
[Date "2001.02.26"]
[Round "34"]
[White "Hubble"]
[Black "BOB"]
[WhiteElo "1659"]
[BlackElo "1500"]
[PlyCount "73"]
[Result "1-0"]

1.e4 c5 2.g3 d6 3.Bg2 Nc6 4.Ne2 g6 5.O-O Bg7 
6.Nbc3 e6 7.d3 Nge7 8.Be3 b6 9.d4 cxd4 10.Nxd4 O-O 
11.Ncb5 Ba6 12.Re1 Nxd4 13.Nxd4 e5 14.Ne2 Rc8 
15.Nc3 f5 16.Bg5 Bf6 17.Bxf6 Rxf6 18.exf5 Nxf5 
19.Qd5+ Kg7 20.Rad1 Rc5 21.Qd2 Nd4 22.Rdc1 Qc8 
23.Ne4 Bb7 24.Nxf6 Bxg2 25.Kxg2 Qf5 26.Qd3 Qxf6 
27.c3 Nf5 28.Rcd1 d5 29.b4 e4 30.Qa6 Rxc3 31.Qxa7+ 
Kh6 32.Rxd5 e3 33.f3 Nd4 34.f4 Rc2+ 35.Kh3 Qe6+ 
36.g4 Qxd5 37.g5+ 1-0

[Event "HCL-B116"]
[Site "www.playchess.de"]
[Date "2001.02.26"]
[Round "3"]
[White "csadler"]
[Black "SAROS"]
[WhiteElo "1136"]
[BlackElo "1372"]
[PlyCount "40"]
[Result "0-1"]

1.e4 b6 2.d4 Bb7 3.Nc3 e6 4.f4 Bb4 5.Nge2 Nf6 6.e5 
Nd5 7.a3 Bxc3+ 8.bxc3 Qh4+ 9.Ng3 Nxc3 10.Qd3 Nd5 
11.c4 Nxf4 12.Bxf4 Qxf4 13.Ne2 Qe4 14.Qxe4 Bxe4 
15.Ng3 Bb7 16.Nh5 O-O 17.Bd3 d6 18.O-O Nd7 19.g3 
dxe5 20.dxe5 Nxe5 0-1

[Event "HCL-B131"]
[Site "www.playchess.de"]
[Date "2001.02.26"]
[Round "33"]
[White "Denzil"]
[Black "PieceSeeker"]
[WhiteElo "1200"]
[BlackElo "1396"]
[PlyCount "45"]
[Result "1-0"]

1.e4 e5 2.f4 Nc6 3.fxe5 Qh4+ 4.g3 Qxe4+ 5.Qe2 Qxc2 
6.Nc3 d6 7.exd6+ Be6 8.Qb5 O-O-O 9.Bd3 a6 10.Qxc6 
bxc6 11.d7+ Bxd7 12.Bxc2 Bg4 13.h3 Re8+ 14.Nge2 
Bxe2 15.Nxe2 Nf6 16.Ba4 Kb7 17.Rf1 h5 18.d4 Bd6 
19.Bf4 Ne4 20.Bxd6 Nxd6 21.Rc1 Nb5 22.Bxb5 axb5 
23.Rxf7 1-0

[Event "HCL-B142"]
[Site "www.playchess.de"]
[Date "2001.02.26"]
[Round "17"]
[White "Jeff_Foster"]
[Black "OObuc"]
[WhiteElo "1272"]
[BlackElo "1181"]
[PlyCount "27"]
[Result "1-0"]

1.Nf3 f6 2.g3 c6 3.Bg2 e5 4.O-O d5 5.d3 Bg4 6.e4 
d4 7.c3 c5 8.cxd4 cxd4 9.Qb3 Bxf3 10.Bxf3 Qc8 
11.Bg4 Qc6 12.Be6 b6 13.Bd5 Qxd5 
14.Qxd5 1-0

[Event "HCL-C064"]
[Site "www.playchess.de"]
[Date "2001.02.26"]
[Round "5"]
[White "rhonda202"]
[Black "riedemann"]
[WhiteElo "913"]
[BlackElo "1000"]
[PlyCount "69"]
[Result "1-0"]

1.e4 d5 2.Bb5+ Bd7 3.a4 e6 4.exd5 Qf6 5.Ra3 Bxa3 
6.Nxa3 Qe5+ 7.Qe2 Qxd5 8.Nf3 f6 9.c4 Qd6 10.d4 a6 
11.c5 Bxb5 12.axb5 Qd5 13.Bf4 Qa2 14.O-O Qd5 
15.Re1 Kd7 16.g4 Ne7 17.g5 Ng6 18.Bg3 h5 19.Qd3 
Nf8 20.c6+ bxc6 21.g6 cxb5 22.Rc1 Nc6 23.h3 Rh6 
24.Nh4 e5 25.Nf5 Rxg6 26.Nh4 Rg5 27.Nf3 e4 28.Qd2 
exf3 29.h4 Rg4 30.Rc5 Qd6 31.Nc2 Ne6 32.Ne3 Nxc5 
33.Nxg4 Ne4 34.Qe3 Qxd4 35.Qxd4+ {alright,,,, lets 
p. :o)}  1-0

[Event "HCL-C090"]
[Site "www.playchess.de"]
[Date "2001.02.26"]
[Round "31"]
[White "Cooldude"]
[Black "Gecko"]
[WhiteElo "952"]
[BlackElo "1000"]
[PlyCount "32"]
[Result "0-1"]

1.e4 e5 2.Bc4 Nf6 3.d3 c6 4.Be3 d5 5.exd5 cxd5 
6.Bb5+ Bd7 7.c4 Bxb5 8.cxb5 Qd7 9.Qb3 h6 10.Nf3 d4 
11.Bd2 Bc5 12.Nxe5 Qe7 13.f4 Nbd7 14.Kd1 Nxe5 
15.Re1 Nfg4 16.fxe5 Nxe5 0-1

[Event "HCL-C090"]
[Site "www.playchess.de"]
[Date "2001.02.26"]
[Round "35"]
[White "Cooldude"]
[Black "Colm"]
[WhiteElo "952"]
[BlackElo "1243"]
[PlyCount "58"]
[Result "0-1"]

1.e4 e5 2.Nf3 Nf6 3.Nc3 Bb4 4.Bc4 O-O 5.d4 Nxe4 
6.O-O Nxc3 7.bxc3 Bxc3 8.Rb1 d5 9.Bb2 Bxb2 10.Rxb2 
dxc4 11.Nxe5 Qd5 12.Re1 b5 13.c3 Bb7 14.f3 Nc6 
15.Nxc6 Bxc6 16.Re5 Qd6 17.Rbe2 Rfe8 18.Rh5 Rxe2 
19.Qxe2 Re8 20.Re5 Rxe5 21.dxe5 Qd3 22.Qf2 Qd1+ 
23.Qf1 Qxf1+ 24.Kxf1 Kf8 25.Ke1 Ke7 26.Ke2 Ke6 
27.f4 Bxg2 28.a3 c5 29.Kd2 a5 0-1

[Event "HCL-C092"]
[Site "www.playchess.de"]
[Date "2001.02.26"]
[Round "15"]
[White "TuffGong"]
[Black "Mal"]
[WhiteElo "1000"]
[BlackElo "901"]
[PlyCount "70"]
[Result "0-1"]

1.e4 e5 2.f3 Qg5 3.Nc3 Nc6 4.Nge2 b5 5.Nxb5 Bd6 
6.b4 Bxb4 7.Nxc7+ Kd8 8.Nxa8 Ba5 9.Rb1 Ba6 10.h4 
Qh6 11.c3 Nge7 12.d4 Qd6 13.d5 Nb8 14.f4 exf4 
15.Nxf4 Bxc3+ 16.Kf2 f5 17.Qh5 Ng6 18.Qxf5 Rf8 
19.Qg4 Rxf4+ 20.Qf3 Rxf3+ 21.gxf3 Qc5+ 22.Be3 Qe7 
23.Rxb8+ Bc8 24.Ba6 Qd6 25.Rxc8+ Ke7 26.Bc5 Bd4+ 
{Sorry for the long delay, couldnt access 
server...}  27.Ke2 {No problem!!}  Bxc5 28.Rb1 
Qxa6+ 29.Kd1 Qxc8 30.h5 Ne5 31.f4 Nf3 32.Rb5 Nd4 
33.Rb2 Qxa8 34.Rd2 Qb7 35.f5 Qb1+ 0-1

[Event "HCL-C095"]
[Site "www.playchess.de"]
[Date "2001.02.26"]
[Round "4"]
[White "Fiver"]
[Black "sun"]
[WhiteElo "1000"]
[BlackElo "1000"]
[PlyCount "41"]
[Result "1-0"]

1.e4 e5 2.f4 d6 3.Nf3 exf4 4.Bc4 Bg4 5.O-O Nh6 
6.d3 g6 7.Bxf4 Bg7 8.Qd2 Bxf3 9.Rxf3 Ng4 10.Bg5 
Nf6 11.Qf2 Nbd7 12.Nc3 h6 13.h4 hxg5 14.hxg5 c6 
15.gxf6 Bxf6 16.Re1 Qb6 17.Qxb6 axb6 18.a3 Bd4+ 
19.Kf1 Ne5 20.Rf6 Nxc4 21.e5 1-0

[Event "HCL-C125"]
[Site "www.playchess.de"]
[Date "2001.02.26"]
[Round "23"]
[White "Alcoholic"]
[Black "heZZZie"]
[WhiteElo "1507"]
[BlackElo "1000"]
[PlyCount "30"]
[Result "0-1"]

1.e4 e5 2.f4 d5 3.exd5 exf4 4.Nf3 Qxd5 5.Nc3 Qd6 
6.d4 Nf6 7.Bc4 Nc6 8.Qe2+ Be7 9.Nb5 Qd7 10.Bxf4 
O-O 11.Nxc7 Rb8 12.d5 Bd6 13.Ne6 fxe6 14.dxe6 Qe8 
15.e7+ Rf7 0-1

[Event "HCL-C133"]
[Site "www.playchess.de"]
[Date "2001.02.26"]
[Round "16"]
[White "babycakes"]
[Black "Herremanden"]
[WhiteElo "661"]
[BlackElo "1200"]
[PlyCount "25"]
[Result "1-0"]

1.e4 e5 2.Nf3 Nc6 3.Bc4 Qh4 4.Nxh4 Nf6 5.Nc3 Rb8 
6.Nd5 Nxe4 7.Nxc7+ Kd8 8.Nb5 Bc5 9.d4 Be7 10.Nxa7 
Nxa7 11.Nf5 Bb4+ 12.c3 Ba5 13.dxe5 1-0

[Event "HCL-C137"]
[Site "www.playchess.de"]
[Date "2001.02.26"]
[Round "17"]
[White "mossy"]
[Black "dg"]
[WhiteElo "1000"]
[BlackElo "1132"]
[PlyCount "28"]
[Result "0-1"]

1.d4 d5 2.c4 e6 3.Nc3 Bb4 4.Bd2 Bxc3 5.Bxc3 Nc6 
6.Nf3 b6 7.e3 Bb7 8.Qa4 Qf6 9.e4 dxe4 10.d5 e5 
11.Nxe5 O-O-O 12.Nxc6 Bxc6 13.dxc6 a6 14.Qxa6+ 
Kb8 0-1

[Event "HCL-C141"]
[Site "www.playchess.de"]
[Date "2001.02.26"]
[Round "6"]
[White "locko"]
[Black "Trickster"]
[WhiteElo "742"]
[BlackElo "681"]
[PlyCount "28"]
[Result "0-1"]

1.e4 e5 2.Nf3 Nc6 3.Nc3 Nf6 4.d4 exd4 5.Nxd4 Bb4 
6.Nxc6 dxc6 7.Qxd8+ Kxd8 8.a3 Bd6 9.Be2 Bg4 10.f3 
Bh5 11.g4 Bg6 12.h4 Bg3+ 13.Kf1 Re8 14.h5 
Bxe4 0-1

[Event "HCL-C144"]
[Site "www.playchess.de"]
[Date "2001.02.26"]
[Round "10"]
[White "PianoTuner"]
[Black "Mother_Teresa"]
[WhiteElo "1000"]
[BlackElo "1172"]
[PlyCount "32"]
[Result "0-1"]

1.e4 e5 2.Nc3 Nf6 3.Bc4 Bc5 4.d3 O-O 5.f4 exf4 
6.Bxf4 d6 7.Nf3 Bg4 8.h3 Bh5 9.Qe2 c6 10.O-O-O a6 
11.g4 Bg6 12.g5 Nh5 13.Bh2 Nd7 14.Nh4 Qxg5+ 15.Kb1 
Qxh4 16.d4 Bb4 0-1

[Event "HCL-E010"]
[Site "www.playchess.de"]
[Date "2001.02.26"]
[Round "3"]
[White "Anicca"]
[Black "Goofy"]
[WhiteElo "2000"]
[BlackElo "2200"]
[PlyCount "69"]
[Result "1/2-1/2"]

1.d4 Nf6 2.c4 g6 3.f3 e5 4.dxe5 Nh5 5.g3 Nc6 6.f4 
f6 7.exf6 Qxf6 8.Nc3 Bb4 9.Bd2 O-O 10.Nf3 d6 
11.Bg2 Bc5 12.a3 a5 13.Qc2 Bf5 14.e4 Nd4 15.Nxd4 
Qxd4 16.O-O-O Bg4 17.Rdf1 Qxc4 18.Nd5 Qxc2+ 
19.Kxc2 c6 20.Ne3 Be2 21.Rfe1 Bb5 22.Bf1 a4 23.Bc3 
Bxf1 24.Rhxf1 Nf6 25.e5 dxe5 26.Bxe5 Nd7 27.Bc3 
Bxe3 28.Rxe3 Rae8 29.Rfe1 Rxe3 30.Rxe3 Kf7 31.Rd3 
Nc5 32.Rd2 Ke6 33.Bb4 Rf5 34.Re2+ Kd7 
35.Rd2+ 1/2-1/2

[Event "HCL-E016"]
[Site "www.playchess.de"]
[Date "2001.02.26"]
[Round "11"]
[White "DKCozy"]
[Black "seedythayer"]
[WhiteElo "1751"]
[BlackElo "2238"]
[PlyCount "70"]
[Result "0-1"]

1.Nf3 f5 2.e4 fxe4 3.Ng5 Nf6 4.d3 d5 5.dxe4 h6 
6.Nf3 dxe4 7.Qxd8+ Kxd8 8.Ne5 Be6 9.Be2 Nbd7 
10.Ng6 Rg8 11.O-O Bf5 12.Nf4 g5 13.Nh5 Nxh5 
14.Bxh5 Bg7 15.Nd2 Nf6 16.Bf7 Rf8 17.Bb3 c6 18.c3 
Kc7 19.Nc4 Rfd8 20.Be3 Nd5 21.Rad1 b5 22.Na3 Nxe3 
23.fxe3 Bg4 24.Rxd8 Rxd8 25.h3 Bh5 26.g4 Bg6 
27.Nc2 Rd3 28.Rf2 a5 29.Nd4 { Hard to say who 
stands best, you have a dobbel pawn but is active 
in pos ?}  Bxd4 {Yes. I give slight advantage to 
Black as he controls open d file & 2 Bishops.}  
30.exd4 Rxh3 31.Kg2 Rd3 32.Re2 Rf3 33.Bc2 Rf4 {Hi. 
I think it's decided now. 2 pawns should be 
decisive.}  34.Kg3 Kd6 35.b3 Rf3+ 0-1

[Event "ACL-A032"]
[Site "www.playchess.de"]
[Date "2001.02.26"]
[Round "15"]
[White "Tassiac"]
[Black "u2krazie"]
[WhiteElo "1500"]
[BlackElo "1500"]
[PlyCount "59"]
[Result "1-0"]

1.d4 Nf6 2.Nf3 g6 3.Bf4 Bg7 4.c3 O-O 5.Nbd2 d6 
6.h3 Re8 7.e3 Nbd7 8.Be2 e5 9.dxe5 dxe5 10.Bh2 b6 
11.O-O Bb7 12.Re1 e4 13.Nd4 Nc5 14.N2b3 Qe7 
15.Nxc5 Qxc5 16.Qc2 Qg5 17.Bxc7 Bc8 18.Bg3 Nh5 
19.Bxh5 Qxh5 20.Qe2 Qxe2 21.Nxe2 Ba6 22.Rad1 Rad8 
23.Nd4 Bb7 24.Nb5 Rxd1 25.Rxd1 f5 26.Nxa7 Ra8 
27.Nb5 Rc8 28.Rd6 Ba6 29.Rxb6 Bxb5 
30.Rxb5 1-0

[Event "ACL-A032"]
[Site "www.playchess.de"]
[Date "2001.02.26"]
[Round "21"]
[White "u2krazie"]
[Black "Dany"]
[WhiteElo "1500"]
[BlackElo "1166"]
[PlyCount "58"]
[Result "0-1"]

1.e4 c6 2.d4 d5 3.Nc3 dxe4 4.Nxe4 Bf5 5.Ng3 Bg6 
6.Nf3 Nd7 7.Bc4 e6 8.Bf4 Nb6 9.Bd3 Bxd3 10.Qxd3 
Bd6 11.Bxd6 Qxd6 12.c3 Ne7 13.Kf1 c5 14.Ne4 Qd5 
15.Nxc5 Qc4 16.b3 Qxd3+ 17.Nxd3 O-O 18.g3 Rac8 
19.Rc1 Nbd5 20.c4 Nf6 21.Kg2 b6 22.Nde5 Nf5 
23.Rhd1 Rfd8 24.Rd3 Nd7 25.Rcd1 Nf6 26.Ng5 h6 
27.Ngxf7 Rdf8 28.g4 Nxg4 29.Nxg4 
Rxf7 0-1

[Event "ACL-A041"]
[Site "www.playchess.de"]
[Date "2001.02.26"]
[Round "8"]
[White "sazex"]
[Black "michalis"]
[WhiteElo "1781"]
[BlackElo "1602"]
[PlyCount "119"]
[Result "1-0"]

1.e4 c5 2.Nf3 d6 3.d4 cxd4 4.Nxd4 Nf6 5.f3 g6 
6.Be3 Bg7 7.Bb5+ Bd7 8.Nc3 O-O 9.O-O a6 10.Bxd7 
Nbxd7 11.f4 Rc8 12.Re1 e5 13.fxe5 dxe5 14.Nb3 Qe7 
15.Qf3 b5 16.Re2 b4 17.Nd1 Ne8 18.Bf2 Nd6 19.Qd3 
Nc4 20.Nd2 Qe6 21.Nxc4 Rxc4 22.c3 Nc5 23.Qf3 bxc3 
24.b3 Rd4 25.Nxc3 Rd3 26.Re3 Rfd8 27.Nd5 Rxe3 
28.Nxe3 f6 29.Nf1 Qd6 30.Ne3 Ne6 31.Rd1 Nd4 32.Qh3 
Qa3 33.Nd5 Ne2+ 34.Kf1 Nf4 35.Qc3 Nxd5 36.exd5 Qd6 
37.Bc5 Rc8 38.Bxd6 Rxc3 39.Bb4 Rc7 40.d6 Rd7 
41.Rd5 Kf7 42.Ra5 Ke6 43.Rxa6 Bf8 44.a3 f5 45.Ke2 
Kd5 46.Ra5+ Ke4 47.Ra6 h5 48.Rc6 Rd8 49.Rc3 Bxd6 
50.Re3+ Kd5 51.Bxd6 Rxd6 52.Rd3+ Kc6 53.Rxd6+ Kxd6 
54.h4 e4 55.g3 Kc5 56.a4 Kb4 57.Kd2 Kc5 58.a5 Kb5 
59.b4 Kc6 60.Kc3 1-0

[Event "ACL-A046"]
[Site "www.playchess.de"]
[Date "2001.02.26"]
[Round "10"]
[White "Yogibear"]
[Black "rayschutt"]
[WhiteElo "1875"]
[BlackElo "1500"]
[PlyCount "82"]
[Result "0-1"]

1.d4 Nf6 2.c4 c5 3.d5 e6 4.Nc3 exd5 5.cxd5 d6 6.e4 
g6 7.Nf3 Bg7 8.h3 O-O 9.Bd3 b5 10.Nxb5 Re8 11.O-O 
Nxe4 12.Re1 a6 13.Qa4 Nd7 14.Rxe4 Rxe4 15.Qxe4 Nf6 
16.Qh4 axb5 17.Bxb5 Qb6 18.a4 Bb7 19.Bh6 Bxd5 
20.Bxg7 Kxg7 21.Nd2 Bc6 22.Nc4 Qc7 23.Bxc6 Qxc6 
24.b3 d5 25.Ne5 Qb7 26.Qg3 Ne4 27.Qf4 Ra6 28.f3 
Nc3 29.Re1 Re6 30.Kh1 h5 31.a5 d4 32.Qh4 Qxb3 
33.Nd7 Qd5 34.Rxe6 Qxe6 35.Nxc5 Qe3 36.a6 g5 
37.Qg3 h4 38.Qd6 Ne2 39.Ne6+ Kh7 40.Nxg5+ Qxg5 
41.Qa3 Qd2 0-1

[Event "ACL-A057"]
[Site "www.playchess.de"]
[Date "2001.02.26"]
[Round "9"]
[White "Bauernopfer"]
[Black "Chris"]
[WhiteElo "1499"]
[BlackElo "1500"]
[PlyCount "87"]
[Result "1/2-1/2"]

1.e4 c5 2.Nf3 e6 3.d3 Nc6 4.Nc3 d5 5.exd5 exd5 
6.Qe2+ Be7 7.Bg5 Be6 8.Bxe7 Ngxe7 9.O-O-O d4 
10.Ne4 Qd5 11.b3 O-O 12.Nfg5 Bf5 13.g4 Bxe4 
14.Nxe4 f5 15.gxf5 Qxf5 16.Qd2 b6 17.Bg2 Rad8 
18.Rde1 Nd5 19.Rhg1 Nce7 20.Kb1 Qf4 21.Qxf4 Rxf4 
22.f3 Nf5 23.Ng5 Nc7 24.Re4 Rxe4 25.fxe4 Ne3 
26.Bh3 Rf8 27.Ne6 Nxe6 28.Bxe6+ Kh8 29.h3 g6 
30.Kb2 Rf2 31.Rc1 Kg7 32.a3 Kf6 33.Bd7 Ke5 34.Bc6 
Kd6 35.Bb7 Kc7 36.Ba6 Rh2 37.b4 cxb4 38.axb4 Rxh3 
39.c3 dxc3+ 40.Kxc3 Kd6 41.Kd4 Ng4 42.Rc8 Ne5 
43.Rd8+ Kc7 44.Rc8+ 1/2-1/2

[Event "ACL-A062"]
[Site "www.playchess.de"]
[Date "2001.02.26"]
[Round "26"]
[White "Yogibear"]
[Black "vrad"]
[WhiteElo "1749"]
[BlackElo "1484"]
[PlyCount "55"]
[Result "1/2-1/2"]

1.c4 Nf6 2.Nc3 g6 3.d4 Bg7 4.e4 O-O 5.f3 d6 6.Be3 
Nbd7 7.Qd2 c5 8.Nge2 cxd4 9.Nxd4 Ne5 10.h3 Nc6 
11.Be2 Nh5 12.O-O Ng3 13.Rfd1 Nxd4 14.Bxd4 Bxd4+ 
15.Qxd4 Nxe2+ 16.Nxe2 Qb6 17.Qxb6 axb6 18.Nf4 Be6 
19.Nxe6 fxe6 20.a4 Rfc8 21.b3 Rc5 22.Kf2 Kf7 
23.Ke3 Rac8 24.Rd2 Kf6 25.f4 e5 26.Rf1 exf4+ 
27.Rxf4+ Ke6 28.Kd4 1/2-1/2

[Event "ACL-A074"]
[Site "www.playchess.de"]
[Date "2001.02.26"]
[Round "12"]
[White "Tarahumara"]
[Black "Extasis"]
[WhiteElo "947"]
[BlackElo "1158"]
[PlyCount "27"]
[Result "1-0"]

1.e4 c6 2.Qh5 Nf6 3.Qf3 Qa5 4.Bc4 d5 5.e5 dxc4 
6.exf6 gxf6 7.Na3 Qb4 8.b3 cxb3 9.axb3 Qd4 10.Rb1 
Rg8 11.c3 Qe5+ 12.Ne2 b6 13.d4 Qd6 
14.Nc4 1-0

[Event "HCL-B148"]
[Site "www.playchess.de"]
[Date "2001.02.26"]
[Round "30"]
[White "BuckNaked"]
[Black "Gruhni"]
[WhiteElo "1422"]
[BlackElo "1354"]
[PlyCount "37"]
[Result "1-0"]

1.d4 e6 2.c4 c6 3.Nf3 d5 4.e3 Nf6 5.Bd3 Bb4+ 6.Bd2 
Bxd2+ 7.Nbxd2 b6 8.e4 Bb7 9.e5 Nfd7 10.Rc1 f6 
11.cxd5 cxd5 12.exf6 Qxf6 13.Rc7 Bc6 14.Rc8+ Kf7 
15.Rxh8 h6 16.O-O Nf8 17.Ne5+ Ke7 18.Qb3 Nfd7 
19.Qa3+ 1-0

[Event "HCL-B149"]
[Site "www.playchess.de"]
[Date "2001.02.26"]
[Round "8"]
[White "Capablancanot"]
[Black "pdqbach"]
[WhiteElo "1200"]
[BlackElo "1152"]
[PlyCount "63"]
[Result "1-0"]

1.d4 d5 2.c4 dxc4 3.Nf3 b5 4.e3 Bf5 5.Ne5 Nf6 
6.Nc3 a6 7.Qf3 Nbd7 8.Qxf5 Nxe5 9.dxe5 e6 10.Qf3 
Nd5 11.Be2 Nxc3 12.bxc3 Be7 13.Qc6+ {I have been 
rude. I am sorry. I am new on this site. If you 
have sent messages I apologize.}  Kf8 {that's ok I 
don't think I've been sending you any messages}  
14.O-O {I don't know if I should be happy about 
that or not...Lol.}  Ra7 {too many games going at 
the moment to keep up a conversation}  15.Rd1 
{Oh...I'll shut up and let you concentrate then. I 
can't play a lot of games at once.}  Qa8 {that's 
ok we can talk if you like. Is there anything you 
want to talk about? :-)}  16.Bf3 {Did you attend 
the Olympics? If so, what events? Also, I would 
like to know more about your country.}  Qxc6 {I 
didn't but my wife did mostly swimming and some 
track and field + weightlifting. send me yr email} 
 17.Bxc6 {marblus@earthlink.net...I went to the 
'84 Olympics in Los Angeles, USA}  f6 {just sent 
you an email :-)}  18.Ba3 {Great. But I won't get 
it until the morning in the US...It's a long 
story. I'm at my wife's computer}  Bxa3 {OK try 
www.yahoo.com.au for info about Australia :-)}  
19.Rd8+ {Thanks...I'm thinking about a family 
vacation there.}  Kf7 {whereabout Sydney or 
somewhere else. Lots of tourist type sites about 
OZ available}  20.Rxh8 {What would you recommend? 
My wife loves the beach...but we hate the idea of 
sharks. I might dive som}  fxe5 {there's some good 
beaches up in Queensland :-)}  21.Rxh7 {I'll check 
out the site and have a look at that. Thanks :-)}  
Bd6 {My sister lives in Qld near a beach :-)}  
22.a4 {Are there some reasonably priced places to 
stay there?}  Kg8 {I would think so especially as 
our OZ dollar is doing so poorly lately}  23.Rh4 
{That may change by September. But I'll look some 
more at the web site and talk to a travel agent.}  
Kf7 {good idea always consult professionals :-) If 
you're not Capablanca then I'm not Alekhine}  
24.axb5 {LoL...Like Alice In Wonderland. There are 
364 un-birthdays. I'm also not Bobby Fischer.;-)}  
Kf6 {and I'm not Spassky. What do you like getting 
for an un-birthday present}  25.Rxa6 {Lol...I like 
getting kisses from my wife. And not getting 
Liver-and-onions for dinner. And you?}  Rxa6 {I 
like winning my chess games but that's obviously 
not gonna happen here :-(}  26.bxa6 {You got 
caught early...If I asked, would they let you 
replay this game...You got a bad deal early.}  Bc5 
{don't worry I made more than one mistake. It's 
been a good learning experience :-)}  27.Rxc4 Bb6 
{Oh well it's only a game. I hope to play you 
again sometime. let me know if you're going in any 
more}  28.Ra4 {A rematch is definitely in order. 
But I only play one tourney at a time right now.}  
Ba7 {OK let me know when you start your next one}  
29.Kf1 Ke7 30.Rb4 Kd6 31.Bf3 {I will let you know 
the moment that I enter a new one.}  c5 {how's the 
Fischer website coming along. Have you got a URL 
yet?}  32.Rb7 {The URL will be 
www.chesssociety.net. It will be up Friday Night. 
More to come via E-Mail.}  1-0

[Event "HCL-C157"]
[Site "www.playchess.de"]
[Date "2001.02.26"]
[Round "5"]
[White "Smutje"]
[Black "JPD"]
[WhiteElo "763"]
[BlackElo "1000"]
[PlyCount "50"]
[Result "0-1"]

1.e4 {hi}  e5 {hi}  2.Qf3 Nf6 3.Bc4 c6 4.g4 d5 
5.exd5 Bxg4 6.Qb3 cxd5 7.Bb5+ Nc6 8.h3 Bd7 9.a4 
Bd6 10.Qg3 O-O 11.d3 Nd4 12.Kd1 Be6 13.Bh6 Nf5 
14.Qg2 {uncool}  Nxh6 15.Nf3 a6 16.d4 e4 {no 
hurry}  17.Be2 exf3 18.Bxf3 Qb6 19.Rg1 Nf5 20.Bg4 
Qxd4+ 21.Kc1 Bf4+ 22.Nd2 Ne4 23.Kb1 Nxd2+ 24.Kc1 
Nc4+ 25.Kb1 Qxb2+ 0-1